| 000 | 00706nam a22001457a 4500 | ||
|---|---|---|---|
| 999 |
_c525977 _d525977 |
||
| 008 | 240429b ||||| |||| 00| 0 eng d | ||
| 100 |
_aBinder, Carola _944764 |
||
| 245 | _aTavlas, George S. The monetarists: The making of the Chicago monetary tradition, 1927–1960 | ||
| 260 | _aJournal of Economic Literature | ||
| 300 | _a62(1). Mar, 2024: p.332-333 | ||
| 520 | _aBinder, Carola. 2024. "Tavlas, George S. The Monetarists: The Making of the Chicago Monetary Tradition, 1927–1960." Journal of Economic Literature, 62 (1): 332-33.- Reproduced https://www.aeaweb.org/articles?id=10.1257/jel.62.1.317.r10 | ||
| 773 | _aJournal of Economic Literature | ||
| 906 | _aBOOK REVIEW | ||
| 942 | _cAR | ||